000 01670cam a2200457 a 4500
001 13899108
003 PILC
005 20150917082129.0
008 050314s2004 nyu 000 1 eng d
010 _a 2005270414
020 _a0743487567 (pbk.)
035 _a(OCoLC)ocm55483830
040 _aHT#
_cHT#
_dDLC
042 _alccopycat
043 _an-us-ma
050 0 0 _aPS 1868.A2
_b.H399 2004
082 0 4 _a813.3
100 1 _aHawthorne, Nathaniel,
_d1804-1864.
245 1 4 _aThe scarlet letter /
_cNathaniel Hawthorne ; supplementary materials written by Margaret Brantley.
260 _aNew York :
_bPocket Books,
_c2004.
300 _axxiv, 372 pages ;
_c18 cm.
490 1 _aEnriched classic
500 _a"Includes detailed explanatory notes, an overview of key themes, and more" --cover.
650 0 _aTriangles (Interpersonal relations)
_vFiction.
650 0 _aIllegitimate children
_vFiction.
650 0 _aWomen immigrants
_vFiction.
650 0 _aMarried women
_vFiction.
650 0 _aPuritans
_vFiction.
650 0 _aAdultery
_vFiction.
650 0 _aRevenge
_vFiction.
650 0 _aClergy
_vFiction.
651 0 _aBoston (Mass.)
_xHistory
_yColonial period, ca. 1600-1775
_vFiction.
655 0 _aPsychological fiction.
655 7 _aHistorical fiction.
_2gsafd
700 1 _aBrantley, Margaret.
830 0 _aEnriched classics series.
856 4 2 _3Publisher description
_uhttp://www.loc.gov/catdir/enhancements/fy0630/2005270414-d.html
906 _a7
_bcbc
_ccopycat
_d2
_encip
_f20
_gy-gencatlg
942 _2lcc
_cBK
999 _c288681
_d288681